High dam over Nubia /

Saved in:

Main Author: Greener, Leslie (Author)

Format: Book

Language: English

Published: New York : Viking Press, 1962.

Subjects:

Tags: Add Tag

No Tags, Be the first to tag this record!

Call Number: DT135 .N8 G81 1962

LEADER 00642namaa2200229 4500
001 14157
003 OSt
005 20250520120518.0
008 130303s1962 nyua 000 0 eng d
040 |c ARCE Library 
043 |a f-ua--- 
050 4 |a DT135 .N8 G81 1962 
100 1 |a Greener, Leslie,  |e author  |9 31073 
245 1 0 |a High dam over Nubia /  |c by Leslie Greener. 
264 1 |a New York :   |b Viking Press,   |c 1962. 
300 |a 244 pages :   |b illustrations ;   |c 22 cm. 
651 0 |a Aswan High Dam (Egypt) 
651 0 |a Nubia  |x Antiquities. 
651 0 |a Nubia  |x Description and travel. 
901 |a reviewed 
942 |c BK  |2 lcc 
999 |c 13426  |d 13426